| 000 | 00416nam a22001577a 4500 | ||
|---|---|---|---|
| 020 | _a9781260571387 | ||
| 040 | _cNUST | ||
| 082 | _a518.02462 CHA | ||
| 100 | _aChapra, Steven C. | ||
| 110 |
_aCanale, Raymond P. _991863 |
||
| 245 | _aNumerical Methods for Engineers | ||
| 250 | _aEight Edition | ||
| 260 |
_aNew York: _bMcGraw-Hill Education, _c2021. |
||
| 650 |
_aNumerical Methods _956168 |
||
| 942 |
_2ddc _cTEXT |
||
| 999 |
_c595341 _d595341 |
||